Normal view
MARC view
- العصر البرونزي- الاردن- تاريخ قديم
Entry Topical Term
001 - CONTROL NUMBER
- control field: 56795
003 - CONTROL NUMBER IDENTIFIER
- control field: JO-AjAnu
005 - DATE AND TIME OF LATEST TRANSACTION
- control field: 20230606083314.0
008 - FIXED-LENGTH DATA ELEMENTS
- fixed length control field: 230606|| aca||aabn | a|a d
040 ## - CATALOGING SOURCE
- Original cataloging agency: JO-AjAnu
- Transcribing agency: JO-AjAnu
150 ## - HEADING--TOPICAL TERM
- Topical term or geographic name entry element: العصر البرونزي- الاردن- تاريخ قديم
670 ## - SOURCE DATA FOUND
- Source citation: Work cat.: (JO-AjAnu)28981: ياسين، خير نمر, author 56794, جنوبي بلاد الشام : تاريخه وآثاره في العصور البرونزية